书目信息 |
| 题名: |
实用分析化验工读本习题与试题集
|
|
| 作者: | 王秀萍 , 刘勃安 , 王宪恩 编著 | |
| 分册: | ||
| 出版信息: | 北京 化学工业出版社 2005.01 |
|
| 页数: | 335页 | |
| 开本: | 20cm | |
| 丛书名: | ||
| 单 册: | ||
| 中图分类: | TQ014-44 | |
| 科图分类: | ||
| 主题词: | 工业分析--职业技能鉴定--习题 , 实验室--化学分析--职业技能鉴定--习题 | |
| 电子资源: | ||
| ISBN: | 7-5025-6182-X | |
| 000 | 01100nam0 2200301 450 | |
| 001 | 0137982469 | |
| 005 | 20050620095407.35 | |
| 010 | @a7-5025-6182-X@dCNY25.00 | |
| 100 | @a20050504d2005 km y0chiy0121 ea | |
| 101 | 0 | @achi |
| 102 | @aCN@b110000 | |
| 105 | @ay z 000yy | |
| 200 | 1 | @a实用分析化验工读本习题与试题集@Ashi yong fen xi hua yan gong du ben xi ti yu shi ti ji@f王秀萍, 刘勃安, 王宪恩编著@Fwang xiu ping,liu bo an,wang xian en bian zhu |
| 205 | @a第2版 | |
| 210 | @a北京@c化学工业出版社@d2005.01 | |
| 215 | @a335页@c图@d20cm | |
| 300 | @a技术工人技能鉴定培训全书 | |
| 320 | @a有书目 (第335页)。 | |
| 330 | @a本书依据国家技术等级标准和分析工《职业技能鉴定规范》的内容及要求编写。包括理论知识习题、技能操作习题、质量与管理习题。 | |
| 333 | @a技术工人技能鉴定培训用书。 | |
| 606 | 0 | @a工业分析@x职业技能鉴定@j习题 |
| 606 | 0 | @a实验室@x化学分析@x职业技能鉴定@j习题 |
| 690 | @aTQ014-44@v4 | |
| 701 | 0 | @a王秀萍@Awang xiu ping@4编著 |
| 701 | 0 | @a刘勃安@Aliu bo an@4编著 |
| 701 | 0 | @a王宪恩@Awang xian en@4编著 |
| 801 | 0 | @aCN@bQSSK@c20050620 |
| 905 | @dTQ014-44@eW394 | |
| 实用分析化验工读本习题与试题集/王秀萍, 刘勃安, 王宪恩编著.-第2版.-北京:化学工业出版社,2005.01 |
| 335页:图;20cm |
| 技术工人技能鉴定培训全书.-使用对象:技术工人技能鉴定培训用书。 |
| ISBN 7-5025-6182-X:CNY25.00 |
| 本书依据国家技术等级标准和分析工《职业技能鉴定规范》的内容及要求编写。包括理论知识习题、技能操作习题、质量与管理习题。 |
| ● |
| 相关链接 |
|
|
|
正题名:实用分析化验工读本习题与试题集
索取号:TQ014-44/W394
 
预约/预借
| 序号 | 登录号 | 条形码 | 馆藏地/架位号 | 状态 | 备注 |
| 1 | 498224 | 204982242 | 自科库501/501自科库 137排2列5层/ [索取号:TQ014-44/W394] | 在馆 | |
| 2 | 498225 | 204982251 | 材料与化工学院资料室/ [索取号:TQ014-44/W394] | 在馆 | |
| 3 | 498226 | 204982260 | 期刊室512/501自科库 137排2列5层/ [索取号:TQ014-44/W394] | 在馆 | |
| 4 | 534547 | 205345474 | 期刊室512/501自科库 137排2列5层/ [索取号:TQ014-44/W394] | 在馆 | |
| 5 | 534548 | 205345483 | 期刊室512/501自科库 137排2列5层/ [索取号:TQ014-44/W394] | 在馆 | |
| 6 | 534549 | 205345492 | 自科库501/501自科库 137排2列5层/ [索取号:TQ014-44/W394] | 在馆 |